| 000 | 02155nam a2200445 c 4500 | ||
|---|---|---|---|
| 003 | BLK | ||
| 005 | 20241220160953.0 | ||
| 008 | 180408b bul|||||r ||||||| ||bul|| | ||
| 010 | _aKNG00048807000 | ||
| 020 |
_a954-8945-32-0 _bиздат.: Изток-Запад |
||
| 040 | _aBLK | ||
| 041 |
_aBUL _cBUL |
||
| 080 |
_aЯпонска литература _b821.521 _x-84 _z821.521-84 |
||
| 080 |
_aВоенна чест. Дисциплина. Воински дух и воински морал. Награди _b355.13 _x(520)(091)(0:82-84) _z355.13(520)(091)(0:82-84) |
||
| 080 |
_aМорална оценка - Ценности на живота, щастието, естетически, социални, морални, религиозни. Репутация. Имидж. Слава. Чест. Награда, наказание _b17.022 _x(520)(091) _z17.022(520)(091) |
||
| 100 |
_aЯмамото Цунетомо _9279890 |
||
| 700 | 1 |
_aГосподинов, Данчо _eпрев. и комент. _9364938 |
|
| 139 |
_aЯмамото Цунетомо _bЯ 45 |
||
| 245 | 1 | 0 |
_aХагакуре - Записките на самурая _cЯмамото Цунетомо; прев. и комент. Данчо Господинов. |
| 257 | _aJAP | ||
| 260 |
_аСофия _bИзток-Запад _c2003 |
||
| 300 |
_a222 с. _bс ил. _c20 см |
||
| 380 | _aX | ||
| 500 | _aПрев. от англ. изд. ; Ориг. загл. на яп. изд. - В кн. означено 2. доп. изд. - Офс. изд. - 300 тир. | ||
| 650 | 4 |
_aСамураи _9170207 |
|
| 650 | 4 |
_aВоенно дело - етика _9279891 |
|
| 650 | 4 |
_aЯпония - култура _9276971 |
|
| 651 | 4 |
_aЯпония _9179845 |
|
| 653 | _aсамураи | ||
| 653 | _aвоенен морал | ||
| 653 | _aафоризми | ||
| 653 | _aяпонска култура | ||
| 653 | _aзаписки | ||
| 852 | _aЦб 223006 | ||
| 856 | 4 |
_qpdf _u |
|
| 856 | 4 |
_qpdf _u |
|
| 942 |
_cKNG _n0 _010 |
||
| 944 |
_aCR _c17.03.2005 _lСевдалина Тодорова _k30540 |
||
| 944 |
_aED _c20.01.2017 _lф / _kЛюдмила_Стоянова |
||
| 999 |
_c45027 _d45027 |
||